000 00487nam a2200169Ia 4500
003 GCL
008 140319s9999 xx 000 0 ara d
040 _aGCL /
_cGCL
082 0 4 _a658.4
_bع م
100 1 _aاسماعيل السيد
245 1 0 _aمذكرات فى اقتصاديات الادارة /
_cاسماعيل السيد
260 _a[S.N] :
_bمؤسسة شباب الجامعة ،
_c1992
300 _a479 ص
490 _a
650 0 4 _aالادارة
942 _2ddc
_cBK
999 _c35685
_d35685